Legal defense handbook : (Record no. 9553)
[ view plain ]
| 000 -LEADER | |
|---|---|
| fixed length control field | 00798pam a2200253 a 4500 |
| 001 - CONTROL NUMBER | |
| control field | 26590370 |
| 003 - CONTROL NUMBER IDENTIFIER | |
| control field | OCoLC |
| 005 - DATE AND TIME OF LATEST TRANSACTION | |
| control field | 20210118144829.0 |
| 008 - FIXED-LENGTH DATA ELEMENTS--GENERAL INFORMATION | |
| fixed length control field | 920423s1992 couk b 000 0 eng |
| 010 ## - LIBRARY OF CONGRESS CONTROL NUMBER | |
| LC control number | 92081119 |
| 020 ## - INTERNATIONAL STANDARD BOOK NUMBER | |
| International Standard Book Number | 0891096833 : |
| 040 ## - CATALOGING SOURCE | |
| Original cataloging agency | DLC |
| Transcribing agency | DLC |
| Modifying agency | BSC |
| 043 ## - GEOGRAPHIC AREA CODE | |
| Geographic area code | n-us--- |
| 092 ## - LOCALLY ASSIGNED DEWEY CALL NUMBER (OCLC) | |
| Classification number | 349.730882 |
| Item number | L295L, 1992 |
| 100 1# - MAIN ENTRY--PERSONAL NAME | |
| Personal name | Lansing, Carl F. |
| 245 10 - TITLE STATEMENT | |
| Title | Legal defense handbook : |
| Remainder of title | for Christians in ministry / |
| Statement of responsibility, etc. | Carl F. Lansing. |
| 260 ## - PUBLICATION, DISTRIBUTION, ETC. | |
| Place of publication, distribution, etc. | Colorado Springs, Colo. : |
| Name of publisher, distributor, etc. | NavPress, |
| Date of publication, distribution, etc. | c1992. |
| 300 ## - PHYSICAL DESCRIPTION | |
| Extent | 271 p. : |
| Other physical details | forms ; |
| Dimensions | 23 cm. |
| 504 ## - BIBLIOGRAPHY, ETC. NOTE | |
| Bibliography, etc. note | Includes bibliographical references. |
| 650 #0 - SUBJECT ADDED ENTRY--TOPICAL TERM | |
| Topical term or geographic name entry element | Church management |
| General subdivision | Law and legislation |
| Geographic subdivision | United States. |
| 650 #0 - SUBJECT ADDED ENTRY--TOPICAL TERM | |
| Topical term or geographic name entry element | Clergy |
| General subdivision | Legal status, laws, etc. |
| Geographic subdivision | United States. |
| 650 #0 - SUBJECT ADDED ENTRY--TOPICAL TERM | |
| Topical term or geographic name entry element | Christianity and law. |
| 942 ## - ADDED ENTRY ELEMENTS (KOHA) | |
| Source of classification or shelving scheme | Dewey Decimal Classification |
| Koha item type | Books |
| Withdrawn status | Lost status | Source of classification or shelving scheme | Damaged status | Not for loan | Collection code | Home library | Current library | Shelving location | Date acquired | Total Checkouts | Full call number | Barcode | Date last seen | Price effective from | Koha item type |
|---|---|---|---|---|---|---|---|---|---|---|---|---|---|---|---|
| Dewey Decimal Classification | Non-fiction | Harvest Mission College | Harvest Mission College | General Stacks | 29.01.2021 | 349.300 L295L | 010909 | 29.01.2021 | 29.01.2021 | Books |
